[Event "Brazilian Fast"]
[Site "http://www.queenalice.com/game.php?id=1217449"]
[Date "2013.9.16"]
[Round "3"]
[White "renatosena2003"]
[Black "ACamargo"]
[Result "0-1"]
[WhiteElo "2187"]
[BlackElo "1836"]

1. e4 e5 2. Nf3 d6 3. Be2 Nf6 4. Nc3 Be7 5. O-O Be6 6. d4 exd4 7. Nxd4 Bd7 8.
Be3 a6 9. h3 c5 10. Nb3 b5 11. a4 b4 12. Nd5 Nxe4 13. Bf3 Nf6 14. Nxe7 Qxe7 0-1

[Event "bonow-2"]
[Site "http://www.queenalice.com/game.php?id=1236742"]
[Date "2013.12.1"]
[Round "1"]
[White "JeanCarloEspiritoSanto"]
[Black "renatosena2003"]
[Result "0-1"]
[WhiteElo "1100"]
[BlackElo "2154"]

1. d4 d5 2. e3 Nf6 3. Bd3 Nc6 4. f4 e6 5. Nf3 g6 6. O-O Bg7 7. a3 O-O 8. Nc3 Bd7
9. Ne5 a6 10. Ne2 Nxe5 11. fxe5 Ng4 12. h3 Nh6 13. Nf4 f6 14. exf6 Bxf6 15. e4
dxe4 16. Bxe4 Bb5 17. Nxe6 Bxd4+ 18. Nxd4 Rxf1+ 19. Qxf1 Bxf1 20. Ne6 Qd1 21.
Nxc7 Bd3+ 22. Kh2 Bxe4 0-1

[Event "bonow-2"]
[Site "http://www.queenalice.com/game.php?id=1236752"]
[Date "2013.12.1"]
[Round "2"]
[White "renatosena2003"]
[Black "byyonico"]
[Result "0-1"]
[WhiteElo "2155"]
[BlackElo "1689"]

1. d4 e6 2. e4 d5 3. Nc3 c6 4. Bd3 Bb4 5. Bd2 Ne7 6. a3 Ba5 7. Nf3 Nd7 8. O-O
O-O 9. Re1 Bxc3 10. Bxc3 f5 11. exd5 exd5 12. Ne5 Nf6 13. Qe2 Ne4 14. Bb4 a5 15.
Bxe7 Qxe7 16. Nxc6 bxc6 17. f3 a4 18. fxe4 fxe4 19. Qd2 Bf5 20. Be2 e3 21. Qc3
Rfc8 22. Bf3 h6 23. Rxe3 Qd7 24. Rae1 Kh7 25. Re7 Qd6 26. R1e5 Qg6 27. Be2 Be4
28. g3 Kg8 29. Bh5 Qh7 30. Qxc6 Kh8 31. Re8+ Rxe8 32. Bxe8 Rb8 33. Bf7 g5 34.
Re8+ Rxe8 35. Qxe8+ Kg7 0-1

[Event "AUTO-MASTER-1887"]
[Site "http://www.queenalice.com/game.php?id=1243774"]
[Date "2013.12.29"]
[Round "2"]
[White "shiyamiya"]
[Black "renatosena2003"]
[Result "1-0"]
[WhiteElo "2246"]
[BlackElo "2091"]

1. c4 e5 2. Nc3 Nf6 3. Nf3 Nc6 4. d4 exd4 5. Nxd4 Nxd4 6. Qxd4 Be7 7. Bf4 O-O 8.
g3 d6 9. Bg2 c6 10. O-O-O Re8 11. Bxd6 1-0

[Event "AUTO-MASTER-1887"]
[Site "http://www.queenalice.com/game.php?id=1243775"]
[Date "2013.12.29"]
[Round "2"]
[White "renatosena2003"]
[Black "shiyamiya"]
[Result "0-1"]
[WhiteElo "2081"]
[BlackElo "2253"]

1. e4 c5 2. Nf3 d6 3. Bb5+ Nc6 4. O-O Bd7 5. b3 Nf6 6. Bb2 Nxe4 7. Re1 Nf6 8. d4
cxd4 9. Nxd4 e6 10. Nxc6 Bxc6 11. Nc3 Be7 0-1

[Event "AUTO-MASTER-1887"]
[Site "http://www.queenalice.com/game.php?id=1243778"]
[Date "2013.12.29"]
[Round "2"]
[White "Andrez"]
[Black "renatosena2003"]
[Result "1-0"]
[WhiteElo "2085"]
[BlackElo "2132"]

1. g4 e5 2. d3 h6 3. Bg2 Nf6 4. h3 d5 5. Nc3 d4 6. Ne4 Be7 7. e3 c5 8. Ne2 Nc6
9. N2g3 O-O 10. f4 exf4 11. exf4 Nxe4 12. Bxe4 Re8 13. a3 Bh4 14. Qf3 f5 15.
gxf5 1-0

[Event "AUTO-MASTER-1887"]
[Site "http://www.queenalice.com/game.php?id=1243779"]
[Date "2013.12.29"]
[Round "2"]
[White "renatosena2003"]
[Black "Andrez"]
[Result "0-1"]
[WhiteElo "2119"]
[BlackElo "2102"]

1. e4 e5 2. Nf3 Nc6 3. Be2 d6 4. O-O Be7 5. Nc3 Nf6 6. d3 O-O 7. Bd2 h6 8. h3
Nh7 9. Nd5 f5 10. Nxe7+ Qxe7 11. exf5 Bxf5 12. Re1 Qd7 13. a3 Rf7 14. c3 Raf8
0-1

[Event "AUTO-MASTER-2055"]
[Site "http://www.queenalice.com/game.php?id=1266705"]
[Date "2014.3.20"]
[Round "1"]
[White "renatosena2003"]
[Black "Corvidae"]
[Result "1-0"]
[WhiteElo "2056"]
[BlackElo "1893"]

1. e4 Nc6 2. d4 d5 3. Nc3 dxe4 4. Nxe4 Qxd4 5. Qxd4 Nxd4 6. Bd3 e5 7. Be3 Nf5 8.
Nf3 Nxe3 9. fxe3 f6 10. Ng3 Bd7 11. O-O-O O-O-O 12. Kb1 g6 13. e4 Bd6 14. Rhf1
Nh6 15. h3 Nf7 16. Nd2 Be7 17. a3 1-0

[Event "AUTO-MASTER-2055"]
[Site "http://www.queenalice.com/game.php?id=1266706"]
[Date "2014.3.20"]
[Round "1"]
[White "Corvidae"]
[Black "renatosena2003"]
[Result "0-1"]
[WhiteElo "1884"]
[BlackElo "2065"]

1. Nf3 Nc6 2. d4 d5 3. Bf4 Nf6 4. e3 Bf5 5. c3 e6 6. Nbd2 Bd6 7. Bxd6 cxd6 8.
Bb5 O-O 9. h3 a6 10. Bxc6 bxc6 11. b4 Bd3 12. Nb3 Bc4 13. Nfd2 Ne4 14. Nxe4 dxe4
15. f3 Qh4+ 16. Kd2 Qf2+ 17. Kc1 Qxg2 18. Nd2 Be2 0-1

[Event "AUTO-MASTER-2055"]
[Site "http://www.queenalice.com/game.php?id=1266707"]
[Date "2014.3.20"]
[Round "1"]
[White "renatosena2003"]
[Black "leduar"]
[Result "1-0"]
[WhiteElo "2063"]
[BlackElo "2112"]

1. e4 e5 2. Nf3 Nc6 3. Nc3 d6 4. Bc4 Bg4 5. h3 Bh5 6. d3 Be7 7. Be3 Na5 8. Bb5+
c6 9. Ba4 b5 10. Bb3 Nxb3 11. axb3 d5 12. g4 d4 13. gxh5 dxe3 14. fxe3 Bd6 15.
Rg1 Qf6 16. Ra6 Bb4 17. Rg5 Qh6 18. Rxe5+ Ne7 19. Qe2 Qd6 20. Qg2 O-O 21. Rxb5
Bxc3+ 22. bxc3 Qh6 23. Qg5 Qe6 24. Qg3 Nf5 25. Rxf5 h6 26. Nd4 Qd7 27. Rxc6 Kh7
28. Rc7 Qe8 29. Rf6 gxf6 30. Qg6+ Kh8 31. Qxh6+ Kg8 32. Nf5 1-0

[Event "AUTO-MASTER-2055"]
[Site "http://www.queenalice.com/game.php?id=1266708"]
[Date "2014.3.20"]
[Round "1"]
[White "leduar"]
[Black "renatosena2003"]
[Result "0-1"]
[WhiteElo "2045"]
[BlackElo "2074"]

1. e4 e5 2. Nf3 Nc6 3. Bc4 Nf6 4. O-O Be7 5. Re1 O-O 6. c3 d5 7. exd5 Nxd5 8.
Nxe5 Nxe5 9. Rxe5 Nb6 10. Bb3 Bd6 11. Rh5 g6 12. Rb5 Re8 13. d3 Bg4 14. f3 Qh4
15. g3 Bxg3 16. Qd2 Re1+ 17. Qxe1 Qxh2+ 18. Kf1 Bh3# 0-1

[Event "AUTO-MASTER-2055"]
[Site "http://www.queenalice.com/game.php?id=1266709"]
[Date "2014.3.20"]
[Round "1"]
[White "renatosena2003"]
[Black "waldi"]
[Result "0-1"]
[WhiteElo "2054"]
[BlackElo "1923"]

1. e4 c5 2. Nf3 Nc6 3. d4 cxd4 4. Nxd4 Nxd4 5. Qxd4 d6 6. Be2 e5 7. Qd1 Nf6 8.
Nc3 Be7 9. O-O O-O 10. Be3 b6 11. f3 Bb7 12. Qd2 Rc8 13. Rfd1 Ne8 14. a4 a6 15.
b3 Qc7 16. Nd5 Bxd5 17. exd5 Qxc2 18. Bxa6 Qxd2 19. Rxd2 Rb8 20. Rc2 Nf6 0-1

[Event "AUTO-MASTER-2055"]
[Site "http://www.queenalice.com/game.php?id=1266710"]
[Date "2014.3.20"]
[Round "1"]
[White "waldi"]
[Black "renatosena2003"]
[Result "1-0"]
[WhiteElo "1909"]
[BlackElo "2081"]

1. d4 d5 2. c4 Nf6 3. Nc3 e6 4. Bg5 Be7 5. Nf3 b6 6. e3 Bb7 7. Be2 Nbd7 8. O-O
O-O 9. a3 h6 10. Bh4 c5 11. Bxf6 Nxf6 12. dxc5 Bxc5 13. b4 Be7 14. Nd4 dxc4 15.
Bxc4 Rc8 16. Qe2 Qc7 17. Nxe6 Qxc4 18. Nxf8 Qxc3 19. Nd7 Nxd7 20. Qb5 Qc6 21.
Qxc6 1-0

[Event "AUTO-OPEN-3216"]
[Site "http://www.queenalice.com/game.php?id=1266839"]
[Date "2014.3.21"]
[Round "1"]
[White "Fquita"]
[Black "renatosena2003"]
[Result "1-0"]
[WhiteElo "2436"]
[BlackElo "2058"]

1. c4 e5 2. Nc3 Nf6 3. g3 Be7 4. Bg2 O-O 5. Nf3 Nc6 6. O-O d6 7. d4 exd4 8. Nxd4
Nxd4 9. Qxd4 h6 10. b3 c6 11. Bb2 Bf5 12. Rfd1 Re8 13. Ne4 Bxe4 14. Bxe4 Nh5 15.
Bf3 Bf6 16. Qd2 Bxb2 17. Qxb2 Nf6 18. Rd4 Qc7 19. Qd2 Rad8 20. Rd1 Re6 21. e3 a6
22. b4 b6 23. Qc2 c5 24. bxc5 bxc5 25. R4d3 Rb8 26. Rb1 1-0

[Event "AUTO-OPEN-3216"]
[Site "http://www.queenalice.com/game.php?id=1266840"]
[Date "2014.3.21"]
[Round "1"]
[White "renatosena2003"]
[Black "Fquita"]
[Result "0-1"]
[WhiteElo "2056"]
[BlackElo "2437"]

1. e4 e5 2. Nf3 Nc6 3. Nc3 Nf6 4. Be2 d5 5. exd5 Nxd5 6. O-O Nxc3 7. bxc3 e4 8.
Ne1 Bd6 9. f3 Bf5 10. fxe4 Bxe4 11. Bf3 Qh4 12. g3 Qe7 13. Ng2 O-O 14. Re1 Bxf3
15. Qxf3 Qd7 16. d3 Rae8 17. Bd2 b6 18. Rxe8 Rxe8 19. Re1 Rxe1+ 20. Bxe1 g6 21.
Ne3 Ne5 22. Qa8+ Kg7 23. Qd5 Ng4 24. Qd4+ Nf6 25. Bf2 Qe6 26. Qc4 Qh3 0-1

[Event "AUTO-OPEN-3216"]
[Site "http://www.queenalice.com/game.php?id=1266865"]
[Date "2014.3.21"]
[Round "1"]
[White "renatosena2003"]
[Black "marreta7"]
[Result "1-0"]
[WhiteElo "2054"]
[BlackElo "1703"]

1. e4 e5 2. Nf3 Nc6 3. Nc3 a6 4. Bc4 Bc5 5. O-O d6 6. d3 h6 7. Be3 Bxe3 8. fxe3
Nf6 9. Nh4 Na5 10. Bxf7+ Kxf7 11. Qh5+ Kg8 12. Rxf6 gxf6 13. Rf1 b5 14. Qg6+ Kf8
15. Rxf6+ Ke7 16. Qf7# 1-0

[Event "AUTO-OPEN-3216"]
[Site "http://www.queenalice.com/game.php?id=1266866"]
[Date "2014.3.21"]
[Round "1"]
[White "marreta7"]
[Black "renatosena2003"]
[Result "1-0"]
[WhiteElo "1659"]
[BlackElo "2093"]

1. e4 e5 2. Bc4 Nf6 3. d3 Nc6 4. a3 d6 5. h3 Be6 6. Bxe6 fxe6 7. Nf3 Be7 8. O-O
O-O 9. Ng5 Qd7 10. Nc3 d5 11. exd5 exd5 12. Re1 h6 13. Nf3 d4 14. Ne4 a6 15.
Nxf6+ Bxf6 16. b4 Qe7 17. Rb1 Rae8 18. b5 axb5 19. Rxb5 b6 20. Bf4 Qxa3 21. Bh2
Qa4 22. Rb3 Re7 23. h4 Rfe8 24. Qa1 Qxa1 25. Rxa1 1-0

[Event "AUTO-OPEN-3216"]
[Site "http://www.queenalice.com/game.php?id=1266867"]
[Date "2014.3.21"]
[Round "1"]
[White "renatosena2003"]
[Black "AlexandraPoslov"]
[Result "1-0"]
[WhiteElo "2089"]
[BlackElo "1458"]

1. e4 e6 2. d4 d5 3. e5 c5 4. c3 Qb6 5. Nf3 Nc6 6. Be2 cxd4 7. cxd4 Bb4+ 8. Nc3
Nge7 9. O-O O-O 10. a3 Bxc3 11. bxc3 Bd7 12. Qc2 Rac8 13. Rb1 1-0

[Event "AUTO-OPEN-3216"]
[Site "http://www.queenalice.com/game.php?id=1266868"]
[Date "2014.3.21"]
[Round "1"]
[White "AlexandraPoslov"]
[Black "renatosena2003"]
[Result "0-1"]
[WhiteElo "1456"]
[BlackElo "2091"]

1. d4 d5 2. c4 Nf6 3. Nc3 e6 4. Bg5 Be7 5. Rc1 dxc4 6. e4 h6 7. Bxf6 Bxf6 8. Nf3
O-O 9. e5 Bg5 10. Nxg5 Qxg5 11. h4 Qe7 12. Bxc4 Nd7 13. Qg4 Nb6 0-1